002740000a220007300045001000022000002450094000223000037001167730047001531 aHenderson, Ian H.10aSalted with fire (Mark 9.42-50) : Style, oracles and (socio) rhetorical gospel cristicism aNúm 80 (2000), Páginas 44-650 tJournal for the Study of the New Testament